000 00189 a2200097 4500
020 _a1587171465
041 _aeng
100 _aSimon, Seymour
245 _aPlamets Around the sun
942 _cBK
999 _c5575
_d5575